000 00427nam a2200181Ia 4500
001 20938
005 20260306172842.0
008 260306t2007||||xx |||||||||||||| ||spa||
041 _aESP
082 _a343.8C6
_bC73
100 _aPerú. Ministerio de Justicia
_eAUT
245 0 _aCódigo tributario
260 _c2007
300 _a410 páginas :
_c21 cm.
650 _aGEN
654 _aCCO
942 _cLIB
_dJUS
_fJUS
_2ddc
_n
999 _c20938
_d20938